| 000 | 00381nam a2200109Ia 4500 | ||
|---|---|---|---|
| 008 | 160909s9999 xx 000 0 und d | ||
| 100 | _aHoffman, Bryann, | ||
| 245 | 2 | _aA descriptive study: Campus recreation and the benefits it provides college students | |
| 260 |
_bPrescott College. _c2016 |
||
| 650 | _aTOURISM | ||
| 856 | _uhttp://pqdtopen.proquest.com/doc/1797416210.html?FMT=ABS | ||
| 999 |
_c304918 _d304918 |
||